000 01064cam a2200253 i 4500
999 _c57892
_d57892
001 17762528
005 20221107122326.0
008 130531s2014 paua b 001 0 eng
020 _a9781451132137 (paperback) X
041 _aeng
080 _a616.28 H-88
100 1 _aHumes, Larry
_910775
245 1 0 _aAudiology and communication disorders :
_ban overview /
_cLarry E. Humes, and Fred H. Bess.
250 _aSecond edition.
264 1 _aPhiladelphia :
_bWolters Kluwer Health/Lippincott Williams & Wilkins,
_c2014.
300 _a381 p. :
_billustrations ;
_c26 cm.
650 2 2 _aHearing Impaired Persons
_xrehabilitation.
_910779
653 _aაუდიოლოგია და კომუნიკაციის დარღვევები
653 _aუნარშეზღუდული პირების მოსმენა
653 _aკომუნიკაციის დარღვევები
653 _aმედიცინა
700 1 _aBess, Fred H.,
_eავტორი
_910780
942 _2udc
_cBK